20 Least Catholic U.S. States - Statistics

General Stats
  • This quiz has been taken 35 times
  • The average score is 18 of 20
Answer Stats
% State % Correct
8.0 Arkansas
100%
9.0 Georgia
100%
10.0 Kentucky
97%
6.0 West Virginia
97%
7.0 Alabama
94%
4.0 Mississippi
94%
8.0 Oklahoma
94%
10.0 South Carolina
94%
6.0 Tennessee
94%
12.0 Virginia
94%
16.0 Alaska
91%
9.0 North Carolina
91%
5.0 Utah
91%
12.0 Oregon
88%
14.0 Wyoming
88%
10.0 Idaho
82%
16.0 Missouri
82%
16.0 Colorado
79%
17.0 Montana
79%
15.0 Maryland
64%
No matching quizzes found
Score Distribution
Percent of People with Each Score
Percentile by Number Answered
Your Score History
You have not taken this quiz